[Event "TCh-RUS Major League"]
[Site "Dagomys RUS"]
[Date "2008.04.07"]
[Round "5"]
[White "Korneev, O."]
[Black "Chernyshov, K."]
[Result "1/2-1/2"]
[WhiteElo "2651"]
[BlackElo "2550"]
[PlyCount "67"]
[EventDate "2008.04.02"]
[SourceDate "1999.07.01"]

1. e4 c6 2. d4 d5 3. Nc3 g6 4. e5 Bg7 5. f4 h5 6. Nf3 Nh6 7. h3 Nf5 8. Bd3 Ng3
9. Rg1 Bf5 10. Be3 Bh6 11. Ne2 Bxd3 12. cxd3 Nxe2 13. Qxe2 e6 14. g4 hxg4 15.
hxg4 Qa5+ 16. Bd2 Qb6 17. O-O-O Na6 18. Kb1 Nc7 19. Rh1 O-O-O 20. Be3 Qb4 21.
a3 Qb3 22. Qc2 Qxc2+ 23. Kxc2 Kd7 24. Kd2 Rdg8 25. Ke2 Na8 26. f5 Bxe3 27.
fxe6+ Kxe6 28. Kxe3 Rxh1 29. Rxh1 Nc7 30. Ng5+ Ke7 31. b4 Ne6 32. Nxe6 Kxe6 33.
Kf4 Ra8 34. Rb1 1/2-1/2

[Event "10th Open"]
[Site "Dubai UAE"]
[Date "2008.04.13"]
[Round "8"]
[White "Li Chao2"]
[Black "Gagunashvili, M."]
[Result "1/2-1/2"]
[WhiteElo "2582"]
[BlackElo "2553"]
[PlyCount "41"]
[EventDate "2008.04.07"]
[SourceDate "1999.07.01"]

1. e4 c6 2. d4 d5 3. e5 Bf5 4. Nf3 e6 5. Be2 c5 6. O-O Nc6 7. c3 Bg4 8. Nbd2
cxd4 9. Nxd4 Bxe2 10. Qxe2 Nxd4 11. cxd4 Ne7 12. Nb3 Nc6 13. Bd2 Be7 14. Rac1
O-O 15. Rc3 Re8 16. Qh5 g6 17. Rg3 Rc8 18. Be3 Bf8 19. Bg5 Be7 20. Be3 Bf8 21.
Bg5 1/2-1/2

[Event "Japfa Match"]
[Site "Jakarta INA"]
[Date "2008.04.17"]
[Round "1"]
[White "So, W."]
[Black "Megaranto, S."]
[Result "1-0"]
[WhiteElo "2540"]
[BlackElo "2561"]
[PlyCount "75"]
[EventDate "2008.04.17"]
[SourceDate "1999.07.01"]

1. e4 c6 2. d4 d5 3. Nc3 dxe4 4. Nxe4 Bf5 5. Ng3 Bg6 6. h4 h6 7. Nf3 Nd7 8. h5
Bh7 9. Bd3 Bxd3 10. Qxd3 e6 11. Bf4 Qa5+ 12. Bd2 Qc7 13. O-O-O Ngf6 14. Ne4
O-O-O 15. g3 Nxe4 16. Qxe4 Nf6 17. Qe2 Bd6 18. c4 c5 19. Bc3 cxd4 20. Nxd4 a6
21. Kb1 Rd7 22. Rc1 Qc5 23. Nb3 Qf5+ 24. Rc2 Bc7 25. Bxf6 gxf6 26. c5 Rd5 27.
c6 b5 28. Qe3 Kd8 29. Qa7 Re8 30. Nc5 a5 31. Na6 Qe5 32. Rhc1 Qd6 33. Qa8+ Ke7
34. Qb7 Kd8 35. Rc5 Rxc5 36. Rxc5 f5 37. Rc2 Rg8 38. Nxc7 1-0

[Event "TCh-RUS"]
[Site "Dagomys RUS"]
[Date "2008.04.07"]
[Round "6"]
[White "Karjakin, Sergey"]
[Black "Asrian, K."]
[Result "1/2-1/2"]
[WhiteElo "2732"]
[BlackElo "2630"]
[PlyCount "105"]
[EventDate "2008.04.02"]
[SourceDate "1999.07.01"]

1. e4 c6 2. d4 d5 3. e5 c5 4. dxc5 Nc6 5. Bb5 e6 6. Be3 Nge7 7. c3 Bd7 8. Bxc6
Bxc6 9. Nf3 Nf5 10. Bd4 a5 11. O-O Nxd4 12. cxd4 b6 13. cxb6 Qxb6 14. Qd2 Be7
15. Nc3 a4 16. Rfc1 O-O 17. Rc2 Rfb8 18. Rac1 h6 19. h4 Qd8 20. g3 Rb4 21. Nd1
Bd7 22. Rc3 Rab8 23. R1c2 R4b7 24. a3 Rb3 25. Kg2 Rxc3 26. Qxc3 Rc8 27. Qd2 Rb8
28. Nh2 Bb5 29. Ng4 Ba6 30. Nc3 Qd7 31. Ne3 Bd8 32. Na2 Qa7 33. Nb4 Ba5 34. Rc5
Bxb4 35. axb4 Qb6 36. Nc2 Bc4 37. Qc3 h5 38. Na3 Qxb4 39. Rc8+ Kh7 40. Rxb8
Qxb8 41. Nxc4 dxc4 42. Qxc4 Qxb2 43. Qxa4 Qb7+ 44. Kf1 Qe4 45. Qc4 g6 46. Qc3
Kg8 47. Qe3 Qh1+ 48. Ke2 Qb7 49. Qd3 Kg7 50. Ke3 Qb2 51. Kf3 Qc1 52. Kg2 Qc6+
53. Qf3 1/2-1/2

[Event "IX Dos Hermanas Internet"]
[Site "ICC INT"]
[Date "2008.04.04"]
[Round "1.2"]
[White "Zinchenko, Ya"]
[Black "Iturrizaga, E."]
[Result "1-0"]
[WhiteElo "2516"]
[BlackElo "2534"]
[PlyCount "91"]
[EventDate "2008.04.04"]
[SourceDate "1999.07.01"]

1. e4 c6 2. d4 d5 3. exd5 cxd5 4. c4 Nf6 5. Nc3 e6 6. Nf3 Bb4 7. Bd3 dxc4 8.
Bxc4 O-O 9. O-O b6 10. Bg5 Bb7 11. Rc1 Be7 12. Re1 Nc6 13. a3 Rc8 14. Ba2 h6
15. Be3 Qd6 16. Qd3 Rfd8 17. Rcd1 Bf8 18. Bb1 g6 19. Qd2 Ng4 20. Bf4 e5 21.
dxe5 Qxd2 22. Rxd2 Rxd2 23. Bxd2 Bc5 24. Ne4 Ncxe5 25. Nxe5 Nxe5 26. Nxc5 Rxc5
27. Bc3 Nf3+ 28. gxf3 Rg5+ 29. Kf1 Ba6+ 30. Re2 Rh5 31. Ke1 Bxe2 32. Kxe2 Rxh2
33. Be5 Rh1 34. Be4 h5 35. Bb8 a6 36. Bc7 b5 37. f4 Rc1 38. Be5 h4 39. Kf3 Rg1
40. f5 g5 41. f6 g4+ 42. Ke2 h3 43. Bg3 Rc1 44. Bf5 Rc4 45. b3 Rd4 46. Ke3 1-0

[Event "Internatonal Open"]
[Site "Sydney AUS"]
[Date "2008.03.25"]
[Round "9"]
[White "Ganguly, S."]
[Black "Gagunashvili, M."]
[Result "1/2-1/2"]
[WhiteElo "2579"]
[BlackElo "2553"]
[PlyCount "49"]
[EventDate "2008.03.25"]
[SourceDate "1999.07.01"]

1. e4 c6 2. d4 d5 3. Nc3 dxe4 4. Nxe4 Bf5 5. Ng3 Bg6 6. h4 h6 7. Nf3 Nd7 8. h5
Bh7 9. Bd3 Bxd3 10. Qxd3 e6 11. Bd2 Ngf6 12. O-O-O Qc7 13. Ne4 O-O-O 14. g3
Nxe4 15. Qxe4 Nf6 16. Qe2 Bd6 17. Kb1 Kb8 18. c4 c5 19. dxc5 Qxc5 20. Be3 Qf5+
21. Ka1 e5 22. c5 Bc7 23. c6 b6 24. Qa6 Qc8 25. Qc4 1/2-1/2

[Event "67th ch-GEO KO"]
[Site "Tbilisi GEO"]
[Date "2008.03.26"]
[Round "4.2"]
[White "Shanava, K."]
[Black "Pantsulaia, L."]
[Result "0-1"]
[WhiteElo "2521"]
[BlackElo "2629"]
[PlyCount "72"]
[EventDate "2008.03.15"]
[SourceDate "1999.07.01"]

1. e4 c6 2. d4 d5 3. exd5 cxd5 4. c4 Nf6 5. Nc3 e6 6. Nf3 Bb4 7. cxd5 exd5 8.
Bd3 O-O 9. O-O Bg4 10. Qb3 Bxc3 11. bxc3 Bxf3 12. gxf3 Qc7 13. Rb1 Nbd7 14. Bd2
Nb6 15. a4 Rab8 16. Rfe1 h6 17. Qb5 Rfd8 18. Re5 Nc8 19. Rbe1 Nd6 20. Qb4 a5
21. Qb3 Rbc8 22. Re7 Rd7 23. R7e2 Nc4 24. Bc1 Nd6 25. Bf4 Qc6 26. Be5 Re7 27.
Bb1 Nc4 28. Qd1 Nxe5 29. dxe5 Nh5 30. Rd2 Nf4 31. Rd4 Ne6 32. Rxd5 Qxc3 33. f4
Nxf4 34. Rd8+ Re8 35. Rd7 Qh3 36. Be4 Rxe5 0-1

[Event "Internatonal Open"]
[Site "Sydney AUS"]
[Date "2008.03.27"]
[Round "4"]
[White "Zhang Zhong"]
[Black "Antonio, R."]
[Result "1-0"]
[WhiteElo "2617"]
[BlackElo "2529"]
[PlyCount "100"]
[EventDate "2008.03.25"]
[SourceDate "1999.07.01"]

1. e4 c6 2. d4 d5 3. e5 Bf5 4. Nf3 e6 5. Be2 Ne7 6. O-O h6 7. Nbd2 Nd7 8. Nb3
a6 9. Bd2 Bh7 10. Rc1 b6 11. g3 c5 12. c4 dxc4 13. Rxc4 Nd5 14. dxc5 bxc5 15.
Re1 Be7 16. Bf1 O-O 17. Na5 Qb6 18. b3 Rfd8 19. a3 Rac8 20. Rc1 Nb8 21. Qe2 Nc7
22. Red1 Nc6 23. Nc4 Qb7 24. Be3 Rxd1 25. Qxd1 Rd8 26. Nfd2 Nd5 27. f4 Be4 28.
a4 Nc7 29. Nd6 Bxd6 30. exd6 Rxd6 31. Bxc5 Rd8 32. Qe1 Bd5 33. Qe3 Ne8 34. Nc4
Nb8 35. Nb6 Be4 36. b4 Nd7 37. Qe2 Ndf6 38. Rd1 Rxd1 39. Qxd1 Nd5 40. Nxd5 Bxd5
41. Qd3 Qd7 42. a5 h5 43. Qxa6 Bb7 44. Qe2 h4 45. a6 Ba8 46. g4 Nf6 47. Qd3 e5
48. h3 Qd5 49. Bd4 exd4 50. Kf2 Qd6 1-0

[Event "TCh-AUT 1st Bundesliga 2007-8"]
[Site "Graz AUT"]
[Date "2008.03.16"]
[Round "11"]
[White "Rausis, I."]
[Black "Nanu, C."]
[Result "1/2-1/2"]
[WhiteElo "2520"]
[BlackElo "2527"]
[PlyCount "119"]
[EventDate "2008.03.14"]
[SourceDate "1999.07.01"]

1. e4 c6 2. d4 d5 3. exd5 cxd5 4. c4 Nf6 5. Nc3 e6 6. Nf3 Bb4 7. cxd5 Nxd5 8.
Bd2 Nc6 9. Bd3 O-O 10. O-O Be7 11. Nxd5 exd5 12. Qb3 Bf6 13. Bc3 Rb8 14. Rfe1
Be6 15. Qc2 h6 16. b4 Qb6 17. Qd2 Bg4 18. b5 Bxf3 19. bxc6 Be4 20. Bxe4 dxe4
21. d5 Bxc3 22. Qxc3 bxc6 23. dxc6 Rfc8 24. Rac1 Qb4 25. f3 Qxc3 26. Rxc3 Rb6
27. c7 Rb7 28. Rxe4 Rbxc7 29. Rxc7 Rxc7 30. Ra4 Kf8 31. h4 h5 32. Kh2 g6 33.
Kg3 Kg7 34. Kf4 Re7 35. Ra6 Kh6 36. Ra5 Kg7 37. Re5 Rb7 38. Ra5 Re7 39. Ra3 Kf6
40. Ra6+ Kg7 41. a3 Kh6 42. Ra4 Kg7 43. Ra5 Kf6 44. Ra6+ Kg7 45. Kg3 Rc7 46.
Kf2 Re7 47. Kg1 Rc7 48. Kh2 Rb7 49. Kg3 Rc7 50. a4 Rb7 51. Kf4 Re7 52. g3 Rb7
53. a5 Re7 54. g4 hxg4 55. fxg4 Rb7 56. h5 Rb4+ 57. Kf3 gxh5 58. gxh5 Rh4 59.
Rxa7 Rxh5 60. Ke4 1/2-1/2

[Event "ch-SRB"]
[Site "Mataruska Banja SRB"]
[Date "2008.03.19"]
[Round "5"]
[White "Kovacevic, A."]
[Black "Pikula, D."]
[Result "1-0"]
[WhiteElo "2575"]
[BlackElo "2524"]
[PlyCount "45"]
[EventDate "2008.03.15"]
[SourceDate "1999.07.01"]

1. e4 c6 2. d4 d5 3. e5 c5 4. dxc5 e6 5. Be3 Nd7 6. Nf3 Ne7 7. Bb5 Nf5 8. b4
Nxe3 9. fxe3 Be7 10. c4 dxc4 11. Nbd2 O-O 12. Nxc4 b6 13. Nd6 Bxd6 14. Qxd6 a6
15. Bxd7 Qxd7 16. c6 Qa7 17. O-O b5 18. Nd4 a5 19. a4 bxa4 20. Rxa4 Qb6 21.
Rfa1 Rd8 22. bxa5 Rxa5 23. Rxa5 1-0

[Event "Victor Ciocaltea mem"]
[Site "Bucharest ROM"]
[Date "2008.03.15"]
[Round "2"]
[White "Szabo, G ROM."]
[Black "Lupulescu, C."]
[Result "1/2-1/2"]
[WhiteElo "2509"]
[BlackElo "2553"]
[PlyCount "29"]
[EventDate "2008.03.14"]
[SourceDate "1999.07.01"]

1. e4 c6 2. d4 d5 3. Nc3 dxe4 4. Nxe4 Bf5 5. Ng3 Bg6 6. h4 h6 7. Nf3 Nd7 8. h5
Bh7 9. Bd3 Bxd3 10. Qxd3 e6 11. Bf4 Qa5+ 12. Bd2 Qc7 13. O-O-O Ngf6 14. Kb1
O-O-O 15. Qe2 1/2-1/2

[Event "Open"]
[Site "Blackpool ENG"]
[Date "2008.03.09"]
[Round "5"]
[White "Dgebuadze, A."]
[Black "Rausis, I."]
[Result "1/2-1/2"]
[WhiteElo "2512"]
[BlackElo "2520"]
[PlyCount "31"]
[EventDate "2008.03.07"]
[SourceDate "1999.07.01"]

1. e4 c6 2. d4 d5 3. Nc3 dxe4 4. Nxe4 Bf5 5. Ng3 Bg6 6. h4 h6 7. Nf3 e6 8. h5
Bh7 9. Bd3 Bb4+ 10. c3 Bxd3 11. Qxd3 Bd6 12. Ne4 Nf6 13. Nfd2 Be7 14. Qg3 Nxe4
15. Nxe4 Qd5 16. f3 1/2-1/2

[Event "XXIV Open"]
[Site "Cappelle La Grande FRA"]
[Date "2008.02.18"]
[Round "4"]
[White "David, Alb"]
[Black "Panarin, M."]
[Result "1/2-1/2"]
[WhiteElo "2557"]
[BlackElo "2511"]
[PlyCount "36"]
[EventDate "2008.02.16"]
[SourceDate "1999.07.01"]

1. e4 c6 2. d4 d5 3. e5 Bf5 4. Nd2 e6 5. Nb3 Nd7 6. Nf3 Qc7 7. Be2 f6 8. Bf4
fxe5 9. dxe5 Ne7 10. Nbd4 Ng6 11. Qd2 O-O-O 12. O-O Ndxe5 13. Nxe5 Nxf4 14.
Qxf4 Bd6 15. Nxf5 Bxe5 16. Ne7+ Kb8 17. Nxc6+ bxc6 18. Qh4 Ka8 1/2-1/2

[Event "XXIV Open"]
[Site "Cappelle La Grande FRA"]
[Date "2008.02.20"]
[Round "6"]
[White "Oleksienko, M."]
[Black "Panarin, M."]
[Result "1/2-1/2"]
[WhiteElo "2590"]
[BlackElo "2511"]
[PlyCount "137"]
[EventDate "2008.02.16"]
[SourceDate "1999.07.01"]

1. e4 c6 2. d4 d5 3. e5 Bf5 4. Be3 e6 5. Nd2 Nd7 6. f4 c5 7. Ngf3 Qb6 8. Qc1
Nh6 9. c3 Bg6 10. Bf2 Be7 11. Be2 O-O 12. h3 f6 13. exf6 Nxf6 14. O-O Nf7 15.
Re1 Qc7 16. Bf1 Ne4 17. Nxe4 Bxe4 18. Nd2 Bf5 19. Nb3 b6 20. dxc5 bxc5 21. Qe3
c4 22. Nd4 Nd8 23. b3 cxb3 24. axb3 Bc5 25. Nb5 Bxe3 26. Nxc7 Bxf2+ 27. Kxf2
Rc8 28. Nb5 Bc2 29. b4 Rxf4+ 30. Kg1 Rb8 31. Rxa7 Rf7 32. Rea1 Kf8 33. Be2 e5
34. R1a2 Bb1 35. Ra1 Bc2 36. Rxf7+ Kxf7 37. Ra7+ Kf6 38. Rd7 Ne6 39. Rd6 Rd8
40. Ra6 Ke7 41. Bg4 Nf4 42. Na7 Bd3 43. Rb6 Ra8 44. Nc6+ Kf6 45. Nd4+ Ke7 46.
Nc6+ Kf6 47. Na5+ Kg5 48. g3 Ne2+ 49. Bxe2 Bxe2 50. Kf2 Bd3 51. Ke3 Bf1 52. Rd6
d4+ 53. cxd4 exd4+ 54. Kxd4 Bxh3 55. Nc6 Ra3 56. b5 Rb3 57. Kc5 Bf1 58. Nd4 Rb1
59. Rd7 Bxb5 60. Nxb5 g6 61. Rd4 h5 62. Nd6 Rg1 63. Kd5 Kh6 64. Ne4 h4 65. gxh4
Rg4 66. Nf6 Rxd4+ 67. Kxd4 g5 68. h5 g4 69. Nxg4+ 1/2-1/2

[Event "XXIV Open"]
[Site "Cappelle La Grande FRA"]
[Date "2008.02.22"]
[Round "8"]
[White "Edouard, R."]
[Black "Petrosian, TL."]
[Result "1/2-1/2"]
[WhiteElo "2507"]
[BlackElo "2606"]
[PlyCount "108"]
[EventDate "2008.02.16"]
[SourceDate "1999.07.01"]

1. e4 c6 2. d4 d5 3. e5 Bf5 4. Nf3 e6 5. Be2 Nd7 6. O-O Bg6 7. Nbd2 Nh6 8. Nb3
Be7 9. Bxh6 gxh6 10. Qd2 h5 11. c3 Qb6 12. Bd3 Rc8 13. Rab1 c5 14. dxc5 Nxc5
15. Nxc5 Bxc5 16. Kh1 O-O 17. Ng5 f6 18. exf6 Rxf6 19. f4 Be3 20. Qe2 e5 21. f5
Be8 22. Ne6 e4 23. Bc2 Kh8 24. c4 Rxc4 25. Bb3 Rc8 26. Qe1 Bc6 27. Qg3 Bh6 28.
Bxd5 Bxd5 29. Qe5 Bg7 30. Qxd5 Qc6 31. Qd1 e3 32. Qxh5 Rg8 33. Qf3 Qb5 34. g4
Qe5 35. Rbe1 Bh6 36. h4 Rc8 37. g5 Rc2 38. Re2 Rxe2 39. Qxe2 Rxf5 40. Rxf5 Qxf5
41. Qxe3 Bg7 42. Nxg7 Qb1+ 43. Kg2 Qxb2+ 44. Qf2 Qxf2+ 45. Kxf2 Kxg7 46. Kf3 b5
47. h5 b4 48. Ke4 a5 49. Kd4 a4 50. Kc4 b3 51. axb3 axb3 52. Kxb3 Kf7 53. Kc4
Ke6 54. Kd4 Kf5 1/2-1/2

[Event "XXIV Open"]
[Site "Cappelle La Grande FRA"]
[Date "2008.02.23"]
[Round "9"]
[White "Oleksienko, M."]
[Black "Deviatkin, A."]
[Result "0-1"]
[WhiteElo "2590"]
[BlackElo "2543"]
[PlyCount "98"]
[EventDate "2008.02.16"]
[SourceDate "1999.07.01"]

1. e4 c6 2. d4 d5 3. e5 Bf5 4. Be3 e6 5. Nd2 Nd7 6. c3 c5 7. f4 cxd4 8. cxd4
Ne7 9. Ngf3 Nc6 10. a3 Be7 11. Be2 a5 12. b3 O-O 13. O-O Qb6 14. Kh1 Na7 15. a4
Rac8 16. Qe1 Rc3 17. Bd1 Qa6 18. Rg1 Rfc8 19. Nb1 Bb4 20. Nxc3 Bxc3 21. Be2 Qb6
22. Nd2 Bxa1 23. Qxa1 Qc7 24. g4 Qc3 25. Qxc3 Rxc3 26. gxf5 Rxe3 27. fxe6 fxe6
28. Bg4 Nf8 29. f5 exf5 30. Bf3 Ng6 31. Bxd5+ Kf8 32. Bxb7 Rd3 33. Nf3 Rxb3 34.
Bd5 Rb4 35. Ng5 Nf4 36. Nxh7+ Ke8 37. Bf3 Rxa4 38. d5 Ra3 39. Ng5 Re3 40. e6
Nb5 41. h4 a4 42. Rd1 Ke7 43. Kh2 a3 44. Kg3 Nd3 45. Nf7 f4+ 46. Kg2 a2 47. Ra1
Nc3 48. Bd1 Nxd1 49. Rxa2 f3+ 0-1

[Event "79th ch-GER"]
[Site "Bad Woerishofen GER"]
[Date "2008.02.18"]
[Round "4"]
[White "Kritz, L."]
[Black "Braun, A."]
[Result "1/2-1/2"]
[WhiteElo "2592"]
[BlackElo "2536"]
[PlyCount "96"]
[EventDate "2008.02.15"]
[SourceDate "1999.07.01"]

1. e4 c6 2. d4 d5 3. f3 e6 4. Nc3 Bb4 5. Bf4 Ne7 6. Qd3 b6 7. Nge2 Ba6 8. Qe3
c5 9. a3 Bxc3+ 10. Qxc3 cxd4 11. Nxd4 Bxf1 12. Rxf1 Qd7 13. O-O-O Na6 14. Qd3
Nc5 15. Qb5 Rd8 16. Bc7 Rc8 17. Bg3 h5 18. Rfe1 h4 19. Bd6 Rh5 20. Qxd7+ Kxd7
21. Bxe7 Kxe7 22. exd5 Rxd5 23. Nc6+ Kd7 24. Rxd5+ exd5 25. Ne5+ Ke7 26. Nc6+
Kd7 27. Nxa7 Nd3+ 28. Kd2 Nxe1 29. Nxc8 Nxg2 30. Nxb6+ Kc6 31. Na4 g5 32. Nc3
f5 33. Ne2 Kc5 34. Nc1 d4 35. b3 Kd5 36. Nd3 g4 37. fxg4 fxg4 38. Nf2 Ne3 39.
c4+ Ke5 40. Kd3 g3 41. hxg3 hxg3 42. Nh3 Ng2 43. Ng1 Nf4+ 44. Kd2 g2 45. a4 Kd6
46. b4 d3 47. Nf3 Ng6 48. Ng1 Ke5 1/2-1/2

[Event "4th Open A"]
[Site "Moscow RUS"]
[Date "2008.02.10"]
[Round "9"]
[White "Popov, Iv RUS"]
[Black "Jobava, Ba"]
[Result "0-1"]
[WhiteElo "2595"]
[BlackElo "2643"]
[PlyCount "92"]
[EventDate "2008.02.02"]
[SourceDate "1999.07.01"]

1. e4 c6 2. d4 d5 3. e5 Bf5 4. c4 e6 5. Nc3 Ne7 6. a3 Nd7 7. c5 Bg6 8. f4 Nf5
9. Nf3 Bh5 10. Be2 f6 11. g3 b6 12. b4 a5 13. Rb1 axb4 14. axb4 bxc5 15. bxc5
Qa5 16. Bd2 Qc7 17. exf6 Bxf3 18. Bxf3 Nxf6 19. Rb4 Be7 20. O-O Rb8 21. Ra4 O-O
22. Kh1 Ra8 23. Re1 Qd7 24. Be3 Rxa4 25. Qxa4 h5 26. Bf2 Rb8 27. Ra1 Kf7 28.
Qd1 g6 29. Rb1 Ra8 30. h3 Bd8 31. g4 hxg4 32. hxg4 Ne7 33. Kg2 Bc7 34. Bg3 Qc8
35. Qc2 Ra3 36. Qb2 Qa8 37. Re1 Ne4 38. Bxe4 dxe4 39. Qc2 Nd5 40. Qxe4 Rxc3 41.
Qxe6+ Kg7 42. Qd7+ Kf8 43. Qh7 Qa2+ 44. Kh1 Ne3 45. Rxe3 Qd5+ 46. Kh2 Rc2+ 0-1

[Event "13th HIT Open A"]
[Site "Nova Gorica SLO"]
[Date "2008.01.27"]
[Round "3"]
[White "Perunovic, Mil"]
[Black "Starostits, I."]
[Result "1-0"]
[WhiteElo "2570"]
[BlackElo "2500"]
[PlyCount "57"]
[EventDate "2008.01.26"]
[SourceDate "1999.07.01"]

1. e4 c6 2. d4 d5 3. e5 Bf5 4. Nf3 e6 5. Be2 Nd7 6. O-O Ne7 7. Nbd2 Bg6 8. Nb3
Nf5 9. Bd2 Be7 10. Rc1 h5 11. c4 dxc4 12. Bxc4 Nb6 13. Be2 h4 14. Nc5 Rb8 15.
Bd3 h3 16. g4 Nh4 17. Bxg6 Nxg6 18. Ne4 Nh4 19. Bg5 Nxf3+ 20. Qxf3 Bxg5 21.
Nd6+ Kd7 22. Nxb7 Rxb7 23. Qxc6+ Ke7 24. Qxb7+ Ke8 25. f4 Qxd4+ 26. Kh1 Bd8 27.
Rfd1 Qa4 28. b3 Qxa2 29. Qc6+ 1-0

[Event "Noteboom Mem A"]
[Site "Leiden NED"]
[Date "2008.02.02"]
[Round "4"]
[White "Nijboer, F."]
[Black "Lalic, B."]
[Result "1/2-1/2"]
[WhiteElo "2578"]
[BlackElo "2507"]
[PlyCount "42"]
[EventDate "2008.02.01"]
[SourceDate "1999.07.01"]

1. e4 c6 2. d4 d5 3. e5 c5 4. Nf3 Bg4 5. c4 cxd4 6. e6 Bxe6 7. Nxd4 Nc6 8. Nxe6
fxe6 9. g3 dxc4 10. Qxd8+ Rxd8 11. Na3 Nf6 12. Bh3 g6 13. O-O Bg7 14. Nxc4 Nd5
15. Bxe6 Nd4 16. Bg4 O-O 17. Rb1 h5 18. Bd1 Kh7 19. Kg2 Bh6 20. Na5 b6 21. Nb3
Nb4 1/2-1/2

[Event "TCh-AUT 1st Bundesliga 2007-8"]
[Site "Jenbach AUT"]
[Date "2008.01.10"]
[Round "4"]
[White "Ragger, M."]
[Black "Ruck, R1."]
[Result "1-0"]
[WhiteElo "2530"]
[BlackElo "2572"]
[PlyCount "73"]
[EventDate "2008.01.10"]
[SourceDate "1999.07.01"]

1. e4 c6 2. d4 d5 3. exd5 cxd5 4. c4 Nf6 5. Nc3 e6 6. Nf3 Bb4 7. cxd5 exd5 8.
Bd3 O-O 9. O-O Nc6 10. Bg5 Bxc3 11. bxc3 Qd6 12. Qc1 Re8 13. Bf4 Qd8 14. Ne5
Nxe5 15. Bxe5 Nd7 16. Bg3 Nf8 17. Qb2 Re6 18. a4 Rb6 19. Qa3 Bd7 20. a5 Re6 21.
c4 Bc6 22. a6 b6 23. c5 Nd7 24. cxb6 Nxb6 25. Qc5 Bd7 26. Ra5 Qg5 27. Qc1 Qxc1
28. Rxc1 Rc8 29. Rxc8+ Bxc8 30. h4 g6 31. Kh2 Kg7 32. Rc5 Re7 33. Bd6 Re8 34.
Bb5 Re4 35. Rc7 Rxh4+ 36. Kg1 Kg8 37. Bc5 1-0

[Event "TCh-AUT 1st Bundesliga 2007-8"]
[Site "Jenbach AUT"]
[Date "2008.01.12"]
[Round "6"]
[White "Sprenger, J."]
[Black "Horvath, Jo1"]
[Result "1/2-1/2"]
[WhiteElo "2537"]
[BlackElo "2519"]
[PlyCount "63"]
[EventDate "2008.01.10"]
[SourceDate "1999.07.01"]

1. e4 c6 2. d4 d5 3. Nd2 dxe4 4. Nxe4 Bf5 5. Nc5 b6 6. Nb3 e6 7. Nf3 Nd7 8. g3
Bd6 9. Bg2 h6 10. O-O Ne7 11. Qe2 Qc7 12. c4 Rd8 13. Bd2 c5 14. Bc3 O-O 15.
Rfd1 Bg4 16. Rd2 Nc6 17. Rad1 e5 18. dxc5 Nxc5 19. h3 Bxf3 20. Qxf3 Nxb3 21.
axb3 Nd4 22. Qb7 Rd7 23. Qxc7 Rxc7 24. Rd3 a5 25. Bxd4 exd4 26. Rxd4 Bc5 27.
Rd7 Rxd7 28. Rxd7 Re8 29. Kf1 g6 30. Bd5 Re7 31. Rd8+ Kg7 32. h4 1/2-1/2

[Event "ch-CRO"]
[Site "Split CRO"]
[Date "2008.01.17"]
[Round "2"]
[White "Brkic, A."]
[Black "Cvitan, O."]
[Result "1/2-1/2"]
[WhiteElo "2558"]
[BlackElo "2535"]
[PlyCount "49"]
[EventDate "2008.01.16"]
[SourceDate "1999.07.01"]

1. e4 c6 2. d4 d5 3. Nc3 dxe4 4. Nxe4 Bf5 5. Ng3 Bg6 6. h4 h6 7. Nf3 Nd7 8. h5
Bh7 9. Bd3 Bxd3 10. Qxd3 e6 11. Bf4 Qa5+ 12. Bd2 Bb4 13. c3 Be7 14. c4 Qc7 15.
d5 cxd5 16. cxd5 Qd6 17. Qb3 Ngf6 18. dxe6 Qxe6+ 19. Qxe6 fxe6 20. Nh4 Bd6 21.
Ng6 Rg8 22. O-O-O Rc8+ 23. Kb1 Kf7 24. Be3 Rc6 25. Rh4 1/2-1/2

[Event "37th Rilton Cup"]
[Site "Stockholm SWE"]
[Date "2008.01.02"]
[Round "6"]
[White "Kotronias, V."]
[Black "Wojtaszek, R."]
[Result "1/2-1/2"]
[WhiteElo "2614"]
[BlackElo "2635"]
[PlyCount "114"]
[EventDate "2007.12.27"]
[SourceDate "1999.07.01"]

1. e4 c6 2. d4 d5 3. Nc3 dxe4 4. Nxe4 Nd7 5. Ng5 Ngf6 6. Bd3 e6 7. N1f3 Bd6 8.
Qe2 h6 9. Ne4 Nxe4 10. Qxe4 Qc7 11. O-O b6 12. Qg4 Kf8 13. b3 Bb7 14. Bb2 Nf6
15. Qh3 Nd5 16. g3 c5 17. Rfe1 Nf6 18. dxc5 Qc6 19. Qg2 Bxc5 20. Bxf6 gxf6 21.
Be4 Qxe4 22. Rxe4 Bxe4 23. Re1 Bb7 24. Rd1 Ke7 25. Rd3 Rac8 26. Qh3 Be4 27. Qh4
Bxd3 28. cxd3 b5 29. Qe4 Rc7 30. d4 Bb6 31. d5 Rhc8 32. Nh4 Rc5 33. Nf5+ Kd7
34. Ne3 h5 35. Qh7 Ke7 36. Kg2 R5c7 37. dxe6 Bxe3 38. fxe3 Kxe6 39. Qe4+ Kd6
40. Qf5 Ke7 41. Qxb5 Rc2+ 42. Kf3 R8c7 43. Qxh5 Rxa2 44. h4 Rac2 45. Qh8 Rc8
46. Qh7 R2c5 47. g4 Re5 48. Qd3 Kf8 49. Qd4 Kg7 50. g5 Rc6 51. Kg4 Rb5 52.
gxf6+ Rxf6 53. h5 Rbb6 54. Kg5 Rb5+ 55. Kg4 Rbb6 56. Kg5 Rb5+ 57. Kh4 Rbb6
1/2-1/2

[Event "I Gedeon Barcza Mem"]
[Site "Budapest HUN"]
[Date "2008.10.30"]
[Round "5"]
[White "Skoberne, J."]
[Black "Ruck, R1."]
[Result "1/2-1/2"]
[WhiteElo "2501"]
[BlackElo "2574"]
[PlyCount "73"]
[EventDate "2008.10.27"]
[SourceDate "1999.07.01"]

1. e4 c6 2. d4 d5 3. exd5 cxd5 4. c4 Nf6 5. Nc3 e6 6. Nf3 Bb4 7. cxd5 exd5 8.
Bd3 O-O 9. O-O Bg4 10. Bg5 Bxc3 11. bxc3 Nbd7 12. h3 Bh5 13. c4 dxc4 14. Bxc4
Qa5 15. g4 Bg6 16. Bd2 Qc7 17. Rc1 Nb6 18. Bb3 Qd6 19. Ne5 Qxd4 20. Nxg6 hxg6
21. Be3 Qxd1 22. Rfxd1 Rac8 23. Rxc8 Rxc8 24. Rd4 Nfd7 25. Rf4 Ne5 26. Kg2 Nbd7
27. Bxa7 b6 28. Re4 Nc6 29. Ba4 Kf8 30. Bb5 Rc7 31. Rc4 Rxa7 32. Rxc6 Rxa2 33.
Rc8+ Ke7 34. Rc7 Rd2 35. Rb7 g5 36. Bxd7 Rxd7 37. Rxb6 1/2-1/2

[Event "Ugra Cup"]
[Site "Khantiy Mansiysk RUS"]
[Date "2008.10.18"]
[Round "4"]
[White "Frolyanov, D."]
[Black "Ovetchkin, R."]
[Result "1-0"]
[WhiteElo "2557"]
[BlackElo "2540"]
[PlyCount "125"]
[EventDate "2008.10.15"]
[SourceDate "1999.07.01"]

1. e4 c6 2. d4 d5 3. exd5 cxd5 4. c4 Nf6 5. Nc3 g6 6. cxd5 Nxd5 7. Bc4 Nb6 8.
Bd3 Bg7 9. d5 O-O 10. Nf3 Na6 11. Be3 Bg4 12. h3 Bxf3 13. Qxf3 Rc8 14. O-O Nc5
15. Bg5 h6 16. Bh4 Qd7 17. Rfe1 Rfe8 18. Rad1 a5 19. Re2 a4 20. Bc2 Nc4 21.
Rde1 e5 22. dxe6 Rxe6 23. Rxe6 Nxe6 24. Bxa4 Qd2 25. Rd1 Qxb2 26. Nd5 Ne5 27.
Qb3 Qxb3 28. Bxb3 Kf8 29. Be7+ Ke8 30. Ba4+ Nc6 31. Nb6 Rb8 32. Bh4 Bd4 33. Rb1
Bxb6 34. Rxb6 Ra8 35. Bb3 Nc5 36. Bd5 Ne7 37. Bc4 Nf5 38. Bf6 Kf8 39. Bb2 Ke7
40. Rb5 Kd6 41. Bxf7 Kc6 42. Rb4 g5 43. Bh5 Rxa2 44. Bf3+ Kd6 45. Rb6+ Kc7 46.
Rb5 Kd6 47. Bc3 Rc2 48. Rb6+ Kc7 49. Ba5 Kb8 50. Bg4 Nd4 51. Rxh6 b5 52. Rb6+
Ka7 53. Rd6 Nb7 54. Rd7 Nc6 55. Bd2 Ne5 56. Be3+ Ka6 57. Bf5 Rc4 58. Rd1 Nc6
59. Bxg5 Nc5 60. Be3 b4 61. h4 b3 62. h5 Na4 63. Bd3 1-0

[Event "12th Corsica Masters"]
[Site "Bastia/Ajaccio FRA"]
[Date "2008.10.26"]
[Round "5"]
[White "Tiviakov, S."]
[Black "Agrest, E."]
[Result "1/2-1/2"]
[WhiteElo "2686"]
[BlackElo "2574"]
[PlyCount "53"]
[EventDate "2008.10.25"]
[SourceDate "1999.07.01"]

1. e4 c6 2. d4 d5 3. Nd2 dxe4 4. Nxe4 Bf5 5. Ng3 Bg6 6. Nh3 Nf6 7. Nf4 e5 8.
Nxg6 hxg6 9. Be3 exd4 10. Bxd4 Bb4+ 11. c3 Qe7+ 12. Qe2 Bd6 13. O-O-O Qxe2 14.
Bxe2 Nbd7 15. Bc4 O-O 16. Rhe1 Rfe8 17. Kc2 Bc5 18. Bxc5 Nxc5 19. b4 Ncd7 20.
Ne4 Ne5 21. Bb3 Nxe4 22. Rxe4 Kf8 23. h3 g5 24. h4 gxh4 25. Rxh4 Ng6 26. Rhd4
Re2+ 27. R1d2 1/2-1/2